Top 15 dei paesi con decessi Covid-19 - 5 mar 2021 - Statistics

Statistiche generali
  • Questo quiz è stato fatto 4 volte
  • Il punteggio medio è 12 su 24
Statistiche sulle risposte
paese % Corretto
Francia
100%
Germania
100%
Italia
100%
Portogallo
100%
Spagna
100%
Stati Uniti
100%
Regno Unito
75%
Russia
75%
Argentina
50%
Belgio
50%
Brasile
50%
India
50%
Iran
50%
Messico
50%
Perù
50%
Bulgaria
25%
Cechia
25%
Colombia
25%
Sudafrica
25%
Bosnia ed Erzegovina
0%
Croazia
0%
Macedonia del Nord
0%
Slovenia
0%
Ungheria
0%
Nessun quiz corrispondente trovato
Distribuzione punteggi
Percentuale di utenti per punteggio
Percentile per numero di risposta
I tuoi punteggi nel tempo
Non hai fatto questo quiz